Atomová baba : rozhovor s Danou Drábovou /

Hlavní autor: Drábová, Dana, 1961-2025
Další autoři: Štěpánek, Radek, 1986-, Plešek, Jiří, 1960-
Jazyk: Čeština
Vydáno: Praha : NLN, 2024
Vydání: Vydání první
Témata:
Fyzický popis: 221 stran : ilustrace, portréty ; 21 cm
Knihy
Uloženo v:
LEADER 02379nam a2200625 i 4500
001 nkc20243643926
003 CZ PrNK
005 20250909135138.0
007 ta
008 241120s2024 xr ac e 000 0dcze
015 |a cnb003643926 
020 |a 978-80-7422-823-0  |q (vázáno) 
035 |a (OCoLC)1544835551 
040 |a BOA001  |b cze  |d ABA001  |e rda 
043 |a e-xr--- 
045 |a x-y- 
072 7 |a 621.039  |x Jaderná technika  |2 Konspekt  |9 19 
080 |a 539.1-055.2  |2 MRF 
080 |a 323.174-055.2  |2 MRF 
080 |a 316.64  |2 MRF 
080 |a 620.9:621.039  |2 MRF 
080 |a 621.039-027.45  |2 MRF 
080 |a (437.3)  |2 MRF 
080 |a (047.53)  |2 MRF 
100 1 |a Drábová, Dana,  |d 1961-2025  |7 xx0042201  |4 aut 
245 1 0 |a Atomová baba :  |b rozhovor s Danou Drábovou /  |c Radek Štěpánek, Jiří Plešek 
250 |a Vydání první 
264 1 |a Praha :  |b NLN,  |c 2024 
300 |a 221 stran :  |b ilustrace, portréty ;  |c 21 cm 
336 |a text  |b txt  |2 rdacontent 
337 |a bez média  |b n  |2 rdamedia 
338 |a svazek  |b nc  |2 rdacarrier 
600 1 7 |a Drábová, Dana,  |d 1961-2025  |7 xx0042201  |2 czenas 
648 7 |a 20.-21. století  |7 ch462155  |2 czenas 
650 0 7 |a jaderné fyzičky  |7 ph1272482  |z Česko  |y 20.-21. století  |2 czenas 
650 0 7 |a regionální političky  |7 ph1147204  |z Česko  |y 20.-21. století  |2 czenas 
650 0 7 |a názory a postoje  |7 ph137634  |2 czenas 
650 0 7 |a jaderná energetika  |7 ph121265  |z Česko  |2 czenas 
650 0 7 |a jaderná bezpečnost  |7 ph138915  |2 czenas 
650 0 9 |a women nuclear physicists  |z Czechia  |y 20th-21st centuries  |2 eczenas 
650 0 9 |a regional women politicians  |z Czechia  |y 20th-21st centuries  |2 eczenas 
650 0 9 |a views and attitudes  |2 eczenas 
650 0 9 |a nuclear energy industry  |z Czechia  |2 eczenas 
650 0 9 |a nuclear safety  |2 eczenas 
655 7 |a rozhovory  |7 fd133303  |2 czenas 
655 9 |a interviews  |2 eczenas 
700 1 |a Štěpánek, Radek,  |d 1986-  |7 js20070302006  |4 aut 
700 1 |a Plešek, Jiří,  |d 1960-  |7 ola2003188575  |4 aut 
910 2 |a BOA001  |b 2-1536.943 
928 9 |a Nakladatelství Lidové noviny 
990 |a BK 
995 |a 01 
991 |b 202412  |c NOV 
996 6 |b 2610986838  |c 2-1536.943  |l MZK  |r Sklad / do 1 hodiny  |n 2  |p p.v.  |w 001988255  |u 000010  |a 1  |e BOA001  |j MZK50  |s P 
996 7 |b 2610992614  |c 2-1536.943  |l MZK  |r Sklad / do 1 hodiny  |n 8  |p kup  |w 001988255  |u 000020  |a 1  |e BOA001  |j MZK50  |s A